000 00315nam a22001337a 4500
008 170808b xxu||||| |||| 00| 0 eng d
020 _a0619160330
041 _aeng
080 _a004
100 _a35
101 _aSHK
245 _aDATABASE SYSTEMS: DESIGN, IMPLEMENTATION, & MANAGMENT
_cROB,P
942 _2udc
_cBK
999 _c22925
_d22925